000 00319nam a22001337a 4500
020 _a978-0124042209
041 _aENG
100 _aKenney.W.F
245 _aEnergy Conservation In The Process Industries
260 _aNew York
_bAcademic press.Inc
_c1984
300 _a329
650 _aAPE
856 _uAPE ( 02 )
999 _c1632
_d1632